| 000 | 00574nam a22001817a 4500 | ||
|---|---|---|---|
| 003 | NUST-PNEC | ||
| 005 | 20170116180745.0 | ||
| 008 | 150122b xxu||||| |||| 00| 0 eng d | ||
| 040 | _cPNEC | ||
| 082 | _a297.1227 MAU | ||
| 100 |
_91233 _aMaududi Abul Ala |
||
| 245 |
_aTafheem-ul-Quran Volume 1 (Surah Al-Fatiha - Surah Al-Inam) - (Sindhi) _cAbul Ala Maududi |
||
| 260 |
_aHyderabad : _bSindh Islamic Publication. _cc1988. |
||
| 300 |
_a610 p. : _c28 cm. |
||
| 650 |
_xIslam _xHistory |
||
| 700 |
_91240 _aMoulana Jan Muhammad Bhutto _bTranslator (Sindhi) |
||
| 942 |
_2ddc _cBK |
||
| 999 |
_c62335 _d62335 |
||